Chcete špičkové zaměstnance? Zkuste trainee program
Perspektívne firmy si vyberajú tých najlepších pracovníkov už na školách, či ihneď po absolutóriu a venujú im osobitnú pozornosť - napríklad trainee programy. Prínosy tohto programu, inovácie. Skúsenosti Českej poisťovne.
Enregistré dans:
| Auteur principal: | |
|---|---|
| Format: | Chapitre de livre |
| Langue: | tchèque |
| Sujets: | |
| Tags: |
Pas de tags, Soyez le premier à ajouter un tag!
|
MARC
| LEADER | 00000naa$a2200000$$$4500 | ||
|---|---|---|---|
| 001 | 0113460 | ||
| 005 | 20240215142910.8 | ||
| 041 | 0 | |a cze | |
| 044 | |a CZ | ||
| 245 | 1 | 0 | |a Chcete špičkové zaměstnance? Zkuste trainee program |c Jan Přikryl |
| 520 | |a Perspektívne firmy si vyberajú tých najlepších pracovníkov už na školách, či ihneď po absolutóriu a venujú im osobitnú pozornosť - napríklad trainee programy. Prínosy tohto programu, inovácie. Skúsenosti Českej poisťovne. | ||
| 610 | 2 | 0 | |a výchova |
| 610 | 2 | 0 | |a zamestnanci |
| 610 | 2 | 0 | |a riadenie ľudských zdrojov |
| 610 | 2 | 0 | |a programy |
| 610 | 2 | 0 | |a výcvik |
| 100 | 1 | |a Přikryl, Jan | |